Top 100 NBA Players of 2019 - Statistics

General Stats
  • This quiz has been taken 245 times
  • The average score is 59 of 100
Answer Stats
# Top Players % Correct
1 Lebron James
100%
3 Stephen Curry
98%
2 Kevin Durant
97%
4 James Harden
94%
22 Klay Thompson
93%
5 Anthony Davis
92%
12 Kawhi Leonard
91%
7 Russell Westbrook
91%
13 Draymond Green
88%
6 Giannis Antetokounmpo
88%
17 Kyrie Irving
87%
8 Chris Paul
86%
9 Joel Embiid
86%
18 Nikola Jokic
85%
11 Paul George
84%
15 Damian Lillard
82%
10 Jimmy Butler
81%
23 Kyle Lowry
78%
30 Demar Derozan
77%
39 Jayson Tatum
77%
26 Ben Simmons
76%
41 Blake Griffin
75%
27 Bradley Beal
75%
24 John Wall
75%
50 Devin Booker
73%
47 Jaylen Brown
73%
34 Donovan Mitchell
72%
19 Karl-Anthony Towns
72%
14 Rudy Gobert
72%
100 Lonzo Ball
71%
74 Andrew Wiggins
70%
28 Khris Middleton
70%
89 Dejounte Murray
69%
68 DeMarcus Cousins
69%
55 Jamal Murray
69%
31 Kevin Love
69%
16 Al Horford
68%
33 CJ McCollum
67%
40 Marc Gasol
67%
98 Pau Gasol
67%
21 Lamarcus Aldridge
66%
75 Brandon Ingram
64%
32 Kemba Walker
64%
43 DeAndre Jordan
63%
66 Aaron Gordon
62%
46 Andre Drummond
62%
49 Eric Gordon
62%
52 Kristaps Porzingis
62%
99 Brook Lopez
61%
69 Dwight Howard
61%
25 Gordon Hayward
61%
76 Thaddeus Young
61%
29 Jrue Holiday
60%
61 Lou Williams
60%
97 Reggie Jackson
60%
38 Steven Adams
60%
65 Tobias Harris
60%
35 Clint Capela
59%
44 Gary Harris
59%
20 Victor Oladipo
59%
36 Mike Conley
57%
96 Dirk Nowitzki
54%
45 Goran Dragić
53%
90 Nikola Vucevic
53%
37 Paul Millsap
53%
64 Jusuf Nurkic
52%
67 Myles Turner
51%
87 Andre Iguodala
49%
72 Julius Randle
49%
78 Serge Ibaka
48%
62 JJ Redick
47%
86 James Johnson
46%
42 Otto Porter
46%
57 Ricky Rubio
46%
53 Eric Bledsoe
45%
59 Harrison Barnes
45%
63 Jonas Valanciunas
44%
79 Domantas Sabonis
40%
56 Joe Ingles
40%
77 Trevor Ariza
39%
80 Dennis Schroder
37%
58 Jeff Teague
36%
84 Lauri Markkanen
35%
73 Nicolas Batum
35%
92 Evan Fournier
34%
48 Robert Covington
32%
82 Terry Rozier
32%
51 Derrick Favors
31%
54 Dario Saric
30%
94 Fred Vanvleet
30%
85 PJ Tucker
30%
71 Josh Richardson
26%
88 Kyle Anderson
25%
60 Nikola Mirotic
22%
83 Taj Gibson
18%
70 Will Barton
16%
81 Al-Farouq Aminu
15%
91 Kent Bazemore
13%
93 Kelly Olynyk
8%
95 DeMarre Carroll
7%
No matching quizzes found
Score Distribution
Percent of People with Each Score
Percentile by Number Answered
Your Score History
You have not taken this quiz